Френски разкази (Запис номер 114420)
[ съкратено ]
| 000 -Лидер | |
|---|---|
| Контролно поле с фиксирана дължина | 05914nam a2200793 a 4500 |
| 003 - Код на организацията, давaща контролен номер | |
| Контролно поле | BLK |
| 005 - Дата и час на последна редакция | |
| Контролно поле | 20250603094907.0 |
| 008 - Елементи от данни с фиксирана дължина | |
| fixed length control field | 180409b bul|||||r ||||||| ||bul|| |
| 010 ## - Наследен системен номер | |
| LC control number | KNG00119851000 |
| 040 ## - Източник на каталожния запис | |
| Идентификатор на билиотеката - собственик на записа | BLK |
| 041 ## - Код за език | |
| Код за езика на текст/звукозапис или на отделно заглавие | Български |
| Код за езика КДБФ | Български |
| 080 ## - УДК | |
| Текстов определител УДК | Френска литература |
| УДК код - определител по УДК | 821.133.1 |
| УДК определител | -32 |
| УДК - код + определител | 821.133.1-32 |
| 100 1# - Редна дума - Автор | |
| Автор | Мороа, Андре |
| Авторска отговорност | първи автор |
| Автор - информация (биография) | Ерцог, Емил |
| R(LIN) | 99185 |
| 139 ## - Редно поле | |
| Редна дума | Френски разкази |
| Авторски знак | Фре - Ф 82 |
| 245 10 - Сведения за заглавието | |
| Заглавие | Френски разкази |
| Подзаглавни данни | Сборник |
| Редно поле (дума) | Андре Мороа; прев. от фр. Пенка Пройкова; * Луи Арагон; * Пол Виалар; * Марсел Арлан; * Андре Дотел; * Марсел Еме; * Веркор; * Жан-Пол Сартр; * Жорж Гови; * Ерве Базен; * Анри Троая; * Жилбер Сесброн; * Албер Камю; * Албер Видали; * Арман Лану; * Пиер Данинос; * Ромен Гари; * Пол Тийар; * Пиер Гаскар; * Жан-Луи Кюртис; * Пиер Гамара; * Роже Грьоние; * Жорж Пируе; * Андре Стил; * Патрик Кесел; * Франсоаз Мале-Жорис; * Кристин Арноти; * Лилия Сталева; * Виолета Йончева; * Ангелина Терзиева; * Дора Попова; * Георги Куфов; * Атанас Христов Далчев; * Ерма Албертова Гечева; * Боян Атанасов; * Мария Далчева; * Любов Драганова; * Емилия Кръстева; * Бояна Петрова. |
| 257 ## - Страна на издаване | |
| Страна на създаване/издаване | Франция |
| 260 ## - Област на издателските данни | |
| Място на издаване, разпространение и проч. | София |
| Име на издателя, разпространителя и проч. | Нар. култура |
| Година на издаване | 1976 |
| Печатница | Варна : Ст. Добрев-Странджата |
| 300 ## - Физическа характеристика | |
| Страници | 432 с. |
| Размери/Мащаб | 20 см |
| 380 ## - Жанр | |
| Жанр | Худож. лит. |
| 500 ## - Общи забележки | |
| Забележка | Други авт.: Луи Арагон, Пол Виалар, Марсел Арлан, Андре Дотел, Марсел Еме, Веркор, Жан-Пол Сартр, Жорж Гови, Ерве Базен, Анри Троая, Жилбер Сесборн, Албер Камю, Албер Видали, Арман Лану, Пиер Данинос, Ромен Гари, Пол Тийар, Пиер Гаскар, Жан-Луи Кюртис, Пиер Гамара, Роже Грьоние, Жорж Пируе, Андре Стил, Патрик Кесел, Франсоаз Мале-Жорис, Кристин Арноти ; Други прев. : Лилия Сталева, Виолета Йончева, Ангелина Терзиева, Дора Попова, Георги Куфов, Атанас Далчев, Ерма Гечева, Людмила Стефанова, Боян Атанасов, Мария Далчева, Любов Драганова, Емилия Кръстева, Бояна Петрова. Подв. : 1,87 лв |
| 650 #4 - Допълнително описание по предмет – тема | |
| Основно описание – тема или топоним | Френска литература |
| 9 (RLIN) | 277458 |
| 653 ## - Ключова дума – ненормативна | |
| Ключова дума | френска литература |
| 653 ## - Ключова дума – ненормативна | |
| Ключова дума | разкази |
| 700 1# - Други автори (авторска отговорност) | |
| Лично име | Пройкова, Пенка |
| Автороска отговорност (Описва отношението между автора и произведението) | прев. от фр. |
| 9 (RLIN) | 368596 |
| 700 ## - Други автори (авторска отговорност) | |
| Лично име | Арагон, Луи |
| Дати, свързани с автора | 3.Х.1897 - 24.ХІІ.1982 |
| Друга информация | Френски писател, посетил Русе през 1947 г. |
| Пълна форма на името | Андрийо, Луи-Мари |
| 9 (RLIN) | 376205 |
| 700 1# - Други автори (авторска отговорност) | |
| Лично име | Виалар, Пол |
| Автороска отговорност (Описва отношението между автора и произведението) | * |
| 9 (RLIN) | 47862 |
| 700 1# - Други автори (авторска отговорност) | |
| Лично име | Арлан, Марсел |
| Автороска отговорност (Описва отношението между автора и произведението) | * |
| 9 (RLIN) | 33450 |
| 700 1# - Други автори (авторска отговорност) | |
| Лично име | Дотел, Андре |
| Автороска отговорност (Описва отношението между автора и произведението) | * |
| 9 (RLIN) | 64794 |
| 700 1# - Други автори (авторска отговорност) | |
| Лично име | Еме, Марсел |
| Автороска отговорност (Описва отношението между автора и произведението) | * |
| 9 (RLIN) | 364301 |
| 700 1# - Други автори (авторска отговорност) | |
| Лично име | Веркор |
| Автороска отговорност (Описва отношението между автора и произведението) | * |
| 9 (RLIN) | 47657 |
| 700 1# - Други автори (авторска отговорност) | |
| Лично име | Сартр, Жан-Пол |
| Автороска отговорност (Описва отношението между автора и произведението) | * |
| 9 (RLIN) | 364308 |
| 700 1# - Други автори (авторска отговорност) | |
| Лично име | Гови, Жорж |
| Автороска отговорност (Описва отношението между автора и произведението) | * |
| 9 (RLIN) | 54514 |
| 700 1# - Други автори (авторска отговорност) | |
| Лично име | Базен, Ерве |
| Автороска отговорност (Описва отношението между автора и произведението) | * |
| 9 (RLIN) | 313481 |
| 700 1# - Други автори (авторска отговорност) | |
| Лично име | Троая, Анри |
| Автороска отговорност (Описва отношението между автора и произведението) | * |
| Друга информация | Троя, Анри |
| 9 (RLIN) | 131509 |
| 700 1# - Други автори (авторска отговорност) | |
| Лично име | Сесброн, Жилбер |
| Автороска отговорност (Описва отношението между автора и произведението) | * |
| 9 (RLIN) | 119942 |
| 700 1# - Други автори (авторска отговорност) | |
| Лично име | Камю, Албер |
| Дати, свързани с автора | 1913 - 1960 |
| Друга информация | Френски писател, драматург, журналист |
| Автороска отговорност (Описва отношението между автора и произведението) | * |
| 9 (RLIN) | 75878 |
| 700 1# - Други автори (авторска отговорност) | |
| Лично име | Видали, Албер |
| Автороска отговорност (Описва отношението между автора и произведението) | * |
| 9 (RLIN) | 47905 |
| 700 1# - Други автори (авторска отговорност) | |
| Лично име | Лану, Арман |
| Автороска отговорност (Описва отношението между автора и произведението) | * |
| 9 (RLIN) | 376206 |
| 700 1# - Други автори (авторска отговорност) | |
| Лично име | Данинос, Пиер |
| Автороска отговорност (Описва отношението между автора и произведението) | * |
| 9 (RLIN) | 58533 |
| 700 1# - Други автори (авторска отговорност) | |
| Лично име | Гари, Ромен |
| Автороска отговорност (Описва отношението между автора и произведението) | * |
| Друга информация | Кацев, Роман |
| 9 (RLIN) | 376207 |
| 700 1# - Други автори (авторска отговорност) | |
| Лично име | Тийар, Пол |
| Автороска отговорност (Описва отношението между автора и произведението) | * |
| 9 (RLIN) | 128764 |
| 700 1# - Други автори (авторска отговорност) | |
| Лично име | Гаскар, Пиер |
| Автороска отговорност (Описва отношението между автора и произведението) | * |
| 9 (RLIN) | 51472 |
| 700 1# - Други автори (авторска отговорност) | |
| Лично име | Кюртис, Жан-Луи |
| Автороска отговорност (Описва отношението между автора и произведението) | * |
| 9 (RLIN) | 313482 |
| 700 1# - Други автори (авторска отговорност) | |
| Лично име | Гамара, Пиер |
| Автороска отговорност (Описва отношението между автора и произведението) | * |
| 9 (RLIN) | 50846 |
| 700 1# - Други автори (авторска отговорност) | |
| Лично име | Грьоние, Роже |
| Автороска отговорност (Описва отношението между автора и произведението) | * |
| 9 (RLIN) | 313483 |
| 700 1# - Други автори (авторска отговорност) | |
| Лично име | Пируе, Жорж |
| Автороска отговорност (Описва отношението между автора и произведението) | * |
| 9 (RLIN) | 110881 |
| 700 1# - Други автори (авторска отговорност) | |
| Лично име | Стил, Андре |
| Автороска отговорност (Описва отношението между автора и произведението) | * |
| 9 (RLIN) | 376208 |
| 700 1# - Други автори (авторска отговорност) | |
| Лично име | Кесел, Патрик |
| Автороска отговорност (Описва отношението между автора и произведението) | * |
| 9 (RLIN) | 78431 |
| 700 1# - Други автори (авторска отговорност) | |
| Лично име | Мале-Жорис, Франсоаз |
| Автороска отговорност (Описва отношението между автора и произведението) | * |
| 9 (RLIN) | 91555 |
| 700 1# - Други автори (авторска отговорност) | |
| Лично име | Арноти, Кристин |
| Автороска отговорност (Описва отношението между автора и произведението) | * |
| 9 (RLIN) | 33652 |
| 700 1# - Други автори (авторска отговорност) | |
| Лично име | Сталева, Лилия |
| Автороска отговорност (Описва отношението между автора и произведението) | * |
| 9 (RLIN) | 368569 |
| 700 1# - Други автори (авторска отговорност) | |
| Лично име | Йончева, Виолета |
| Автороска отговорност (Описва отношението между автора и произведението) | * |
| 9 (RLIN) | 365285 |
| 700 1# - Други автори (авторска отговорност) | |
| Лично име | Терзиева, Ангелина |
| Автороска отговорност (Описва отношението между автора и произведението) | * |
| 9 (RLIN) | 369568 |
| 700 1# - Други автори (авторска отговорност) | |
| Лично име | Попова, Дора |
| Автороска отговорност (Описва отношението между автора и произведението) | * |
| 9 (RLIN) | 365127 |
| 700 1# - Други автори (авторска отговорност) | |
| Лично име | Куфов, Георги |
| Автороска отговорност (Описва отношението между автора и произведението) | * |
| 9 (RLIN) | 367358 |
| 700 ## - Други автори (авторска отговорност) | |
| Лично име | Далчев, Атанас Христов |
| Дати, свързани с автора | 1904-1978 |
| Друга информация | Поет. Преводач от английски, френски, немски, испански, руски, гръцки и унгарски език. |
| 9 (RLIN) | 363753 |
| 700 1# - Други автори (авторска отговорност) | |
| Лично име | Гечева, Ерма Албертова |
| Автороска отговорност (Описва отношението между автора и произведението) | * |
| 9 (RLIN) | 367512 |
| 700 1# - Други автори (авторска отговорност) | |
| Лично име | Атанасов, Боян |
| Автороска отговорност (Описва отношението между автора и произведението) | * |
| 9 (RLIN) | 376038 |
| 700 1# - Други автори (авторска отговорност) | |
| Лично име | Далчева, Мария |
| Автороска отговорност (Описва отношението между автора и произведението) | * |
| 9 (RLIN) | 376209 |
| 700 1# - Други автори (авторска отговорност) | |
| Лично име | Драганова, Любов |
| Автороска отговорност (Описва отношението между автора и произведението) | * |
| 9 (RLIN) | 364150 |
| 700 1# - Други автори (авторска отговорност) | |
| Лично име | Кръстева, Емилия |
| Автороска отговорност (Описва отношението между автора и произведението) | * |
| 9 (RLIN) | 313484 |
| 700 ## - Други автори (авторска отговорност) | |
| Лично име | Петрова, Бояна Валериева |
| Дати, свързани с автора | 1948 - 2017 |
| Друга информация | Преводач от италиански и френски език |
| 9 (RLIN) | 263845 |
| 852 ## - Местоположение | |
| Форматна сигнатура | Цб 80438 |
| Фондова буква | Хранилище |
| 856 4# - Електронен адрес и достъп | |
| Електронен формат | pdf - файл |
| Инструкция (цена за достъп) | 0.00 |
| Права за достъп | disable |
| 856 4# - Електронен адрес и достъп | |
| Електронен формат | pdf - файл |
| Инструкция (цена за достъп) | 0.00 |
| Права за достъп | disable |
| 999 ## - СИСТЕМНИ КОНТРОЛНИ НОМЕРА | |
| Koha biblionumber | 114420 |
| Koha biblioitemnumber | 114420 |
| 942 ## - АРТИКУЛИ | |
| Вид на библиотечния материал | Книги |
| Скрит в OPAC | Не |
| Koha issues (borrowed), all copies | 5 |
| Периодичен библиозапис | Да |
| 944 ## - СЪЗДАВАНЕ И РЕДАКЦИЯ на ЗАПИСА | |
| Създаване/Редакция | Създаване |
| Дата на регистрацията/редакция | 14.10.2010 |
| Статус, дата на статуса | Геновева Генчева |
| Служител, извършил регистрацията/редакцията | 30560 |
| 944 ## - СЪЗДАВАНЕ И РЕДАКЦИЯ на ЗАПИСА | |
| Създаване/Редакция | Редакция |
| Дата на регистрацията/редакция | 31.08.2016 |
| Статус, дата на статуса | добави в АБ / 13.10.2010 |
| Служител, извършил регистрацията/редакцията | Ирена_Линкова |
| Код за отписване | Код за изгубен артикул | Код за повреда | Коз за рестрикции | Код за отдаване | Артикулен № | Име на библиотеката - собственик | Име на библиотеката, в която се намира в момента | Статус (Текущо местоположение) | Дата на вписване в системата | Местоположение - отдел | Цена в лева | Инвентарен номер | Систематично азбучна сигнатура | Баркод | Номер на екземпляра | Цена в евро | Служебна бележка | Служебен тип на артикула | Източник на класификационната схема |
|---|---|---|---|---|---|---|---|---|---|---|---|---|---|---|---|---|---|---|---|
| Не е изгубен | Не е повреден | без рестрикции | заемане за дома | 183045 | Регионална библиотека "Любен Каравелов" Русе | Регионална библиотека "Любен Каравелов" Русе | Заемна - подръчен фонд | 2010-10-06 | Заемна - подръчен фонд | 5.00 | 120000746290 | П 840-32/Ф 82 | 120000746290 | 1 | 2.56 | Дост: DA Вид: А N: 21 Дата: 06.10.2010 Дата инв: 12.02.2018 Бележки инв: П2018 | Книги | ||
| Изтеглен | Не е изгубен | Не е повреден | без рестрикции | заемане за дома | 183046 | Регионална библиотека "Любен Каравелов" Русе | Регионална библиотека "Любен Каравелов" Русе | Заемна - подръчен фонд | 1976-01-01 | Заемна - подръчен фонд | 1.87 | 204248 | П 840-32/Ф 82 | 204248 | 2 | 0.96 | Дост: Pk Вид: Ф N: стар фонд Дата: 01.01.1976 | Книги | Universal Decimal Classification |
| Изтеглен | Не е изгубен | Не е повреден | без рестрикции | заемане за дома | 183047 | Регионална библиотека "Любен Каравелов" Русе | Регионална библиотека "Любен Каравелов" Русе | Заемна - подръчен фонд | 1976-01-01 | Заемна - подръчен фонд | 1.87 | 204255 | П 840-32/Ф 82 | 204255 | 3 | 0.96 | Дост: Pk Вид: Ф N: стар фонд Дата: 01.01.1976 | Книги | Universal Decimal Classification |
| Изтеглен | Не е изгубен | Не е повреден | без рестрикции | заемане за дома | 183048 | Регионална библиотека "Любен Каравелов" Русе | Регионална библиотека "Любен Каравелов" Русе | Заемна - подръчен фонд | 1976-01-01 | Заемна - подръчен фонд | 1.87 | 204257 | П 840-32/Ф 82 | 204257 | 4 | 0.96 | Дост: Pk Вид: Ф N: стар фонд Дата: 01.01.1976 | Книги | Universal Decimal Classification |
| Изтеглен | Не е изгубен | Не е повреден | без рестрикции | заемане за дома | 183049 | Регионална библиотека "Любен Каравелов" Русе | Регионална библиотека "Любен Каравелов" Русе | Заемна - подръчен фонд | 1976-01-01 | Заемна - подръчен фонд | 1.87 | 204258 | П 840-32/Ф 82 | 204258 | 5 | 0.96 | Дост: Pk Вид: Ф N: стар фонд Дата: 01.01.1976 | Книги | Universal Decimal Classification |
| Изтеглен | Не е изгубен | Не е повреден | без рестрикции | заемане за дома | 183050 | Регионална библиотека "Любен Каравелов" Русе | Регионална библиотека "Любен Каравелов" Русе | Заемна - подръчен фонд | 1976-01-01 | Заемна - подръчен фонд | 1.87 | 205529 | П 840-32/Ф 82 | 205529 | 6 | 0.96 | Дост: Pk Вид: Ф N: стар фонд Дата: 01.01.1976 | Книги | Universal Decimal Classification |
| Изтеглен | Не е изгубен | Не е повреден | без рестрикции | заемане за дома | 183051 | Регионална библиотека "Любен Каравелов" Русе | Регионална библиотека "Любен Каравелов" Русе | Заемна - подръчен фонд | 1976-01-01 | Заемна - подръчен фонд | 1.87 | 205534 | П 840-32/Ф 82 | 205534 | 7 | 0.96 | Дост: Pk Вид: Ф N: стар фонд Дата: 01.01.1976 | Книги | Universal Decimal Classification |
| Изтеглен | Не е изгубен | Не е повреден | без рестрикции | заемане за дома | 183052 | Регионална библиотека "Любен Каравелов" Русе | Регионална библиотека "Любен Каравелов" Русе | Заемна - подръчен фонд | 1976-01-01 | Заемна - подръчен фонд | 1.87 | 205535 | П 840-32/Ф 82 | 205535 | 8 | 0.96 | Дост: Pk Вид: Ф N: стар фонд Дата: 01.01.1976 | Книги | Universal Decimal Classification |
| Изтеглен | Не е изгубен | Не е повреден | без рестрикции | заемане за дома | 183053 | Регионална библиотека "Любен Каравелов" Русе | Регионална библиотека "Любен Каравелов" Русе | Заемна - подръчен фонд | 1976-01-01 | Заемна - подръчен фонд | 1.87 | 205536 | П 840-32/Ф 82 | 205536 | 9 | 0.96 | Дост: Pk Вид: Ф N: стар фонд Дата: 01.01.1976 | Книги | Universal Decimal Classification |
| Изтеглен | Не е изгубен | Не е повреден | без рестрикции | заемане за дома | 183054 | Регионална библиотека "Любен Каравелов" Русе | Регионална библиотека "Любен Каравелов" Русе | Заемна - подръчен фонд | 1976-01-01 | Заемна - подръчен фонд | 1.87 | 205537 | П 840-32/Ф 82 | 205537 | 10 | 0.96 | Дост: Pk Вид: Ф N: стар фонд Дата: 01.01.1976 | Книги | Universal Decimal Classification |
| Изтеглен | Не е изгубен | Не е повреден | без рестрикции | заемане за дома | 183055 | Регионална библиотека "Любен Каравелов" Русе | Регионална библиотека "Любен Каравелов" Русе | Заемна - подръчен фонд | 1976-01-01 | Заемна - подръчен фонд | 1.87 | 205541 | П 840-32/Ф 82 | 205541 | 11 | 0.96 | Дост: Pk Вид: Ф N: стар фонд Дата: 01.01.1976 | Книги | Universal Decimal Classification |
| Не е изгубен | Не е повреден | само за читалня | ползва се в читалня | 183056 | Регионална библиотека "Любен Каравелов" Русе | Регионална библиотека "Любен Каравелов" Русе | Хранилище | 1976-01-01 | Хранилище | 1.87 | 203030 | Цб 80438 | 120000203030 | 12 | 0.96 | Дост: Dp Вид: Д N: стар фонд Дата: 01.01.1976 | Книги | Universal Decimal Classification |